Personnel management. (5th ed.) (Record no. 81825)

MARC details
000 -LEADER
fixed length control field 01249nam a2200229 a 4500
008 - FIXED-LENGTH DATA ELEMENTS--GENERAL INFORMATION
fixed length control field 120416s1980 ||||||||||||||||| || u
020 ## - INTERNATIONAL STANDARD BOOK NUMBER
International Standard Book Number 0070213194
050 ## - LIBRARY OF CONGRESS CALL NUMBER
Classification number HF 5549.A3 Fli
100 ## - MAIN ENTRY--PERSONAL NAME
Personal name Flippo, Edwin B
245 10 - TITLE STATEMENT
Title Personnel management. (5th ed.)
250 ## - EDITION STATEMENT
Edition statement 5th ed.
260 ## - PUBLICATION, DISTRIBUTION, ETC.
Place of publication, distribution, etc. New York
Name of publisher, distributor, etc. McGraw-Hill
Date of publication, distribution, etc. 1980
300 ## - PHYSICAL DESCRIPTION
Extent xvi, 511p. : ill.
350 ## -
-- 0.00
650 #0 - SUBJECT ADDED ENTRY--TOPICAL TERM
Topical term or geographic name entry element PERSONNEL MANAGEMENT
650 #0 - SUBJECT ADDED ENTRY--TOPICAL TERM
Topical term or geographic name entry element MANAGEMENT
995 ## -
-- TEXTBOOKS (ELEC.ENG.)
-- 0.00
-- 03883
-- CBU-SCHOOL TEXTBOOK COLLECTIONS
-- 1
-- 0.00
-- SCHOOL TEXTBOOK
-- 4
-- AVAILABLE
-- Aug 21, 2009
-- 03883
-- School Collections
995 ## -
-- MAIN LIBRARY OPEN ACCESS
-- 0.00
-- 710840
-- CBU-MAIN LIBRARY (Kitwe)
-- 3
-- 22.95
-- HF 5549.A3 Fli
-- 3
-- LOST
-- 710840
-- Main Library Open Access Collection
995 ## -
-- TEXTBOOKS (ELEC.ENG.)
-- 0.00
-- 03884
-- CBU-SCHOOL TEXTBOOK COLLECTIONS
-- 1
-- 0.00
-- SCHOOL TEXTBOOK
-- 5
-- AVAILABLE
-- Aug 21, 2009
-- 03884
-- School Collections
995 ## -
-- MAIN LIBRARY OPEN ACCESS
-- 0.00
-- 710338
-- CBU-MAIN LIBRARY (Kitwe)
-- 1
-- 22.95
-- HF 5549.A3 Fli
-- 1
-- AVAILABLE
-- 006364
-- Main Library Open Access Collection
995 ## -
-- BINDERY (DAMAGED)
-- 0.00
-- 710839
-- CBU-MAIN LIBRARY (Kitwe)
-- 2
-- 22.95
-- HF 5549.A3 Fli
-- 2
-- DAMAGED
-- 710839
-- Main Library Open Access Collection
999 ## -
-- 81825
-- 81825
Holdings
Withdrawn status Lost status Source of classification or shelving scheme Damaged status Not for loan Permanent Location Current Location Shelving location Date acquired Total Checkouts Full call number Barcode Date last seen Copy number Price effective from Koha item type
          CBU-MAIN LIBRARY, KITWE. CBU-MAIN LIBRARY, KITWE.   09/12/2023   HF 5549.A3 Fli 710840 09/12/2023 2 09/12/2023 MONOGRAPH
          CBU-MAIN LIBRARY, KITWE. CBU-MAIN LIBRARY, KITWE.   09/12/2023   HF 5549.A3 Fli 006364 09/12/2023 4 09/12/2023 MONOGRAPH
          CBU-MAIN LIBRARY, KITWE. CBU-MAIN LIBRARY, KITWE.   09/12/2023   HF 5549.A3 Fli 710839 09/12/2023 5 09/12/2023 MONOGRAPH
          CBU-SCHOOL TEXT BOOK COLLECTION CBU-SCHOOL TEXT BOOK COLLECTION   09/12/2023   SCHOOL TEXTBOOK 03883 09/12/2023 1 09/12/2023 MONOGRAPH
          CBU-SCHOOL TEXT BOOK COLLECTION CBU-SCHOOL TEXT BOOK COLLECTION   09/12/2023   SCHOOL TEXTBOOK 03884 09/12/2023 3 09/12/2023 MONOGRAPH